Top 5 Best NHL teams of the 2010's - Statistics

General Stats
  • This quiz has been taken 249 times
  • The average score is 4 of 5
Answer Stats
Wins Team % Correct
466 Pittsburgh Penguins
90%
462 Washington Capitals
80%
442 Boston Bruins
79%
441 San Jose Sharks
60%
443 St. Louis Blues
51%
No matching quizzes found
Score Distribution
Percent of People with Each Score
Percentile by Number Answered
Your Score History
You have not taken this quiz